Netherlands City Quiz - Statistics

General Stats
  • This quiz has been taken 34 times
  • The average score is 7 of 10
Answer Stats
City % Correct
Amsterdam
100%
Rotterdam
96%
The Hague
81%
Utrecht
77%
Eindhoven
73%
Groningen
62%
Haarlem
62%
Tilburg
62%
Dordrecht
46%
Leiden
42%
No matching quizzes found
Score Distribution
Percent of People with Each Score
Percentile by Number Answered
Your Score History
You have not taken this quiz